| 000 | 00715nam a2200193 a 4500 | ||
|---|---|---|---|
| 008 | 110909s1991 ||||||||||||||||| || u | ||
| 020 | _a083851426X | ||
| 050 | _aRD 31 CUR | ||
| 100 | _aWay, Lawrence W | ||
| 245 | 1 | 0 |
_aCurrent surgical diagnosis and treatment. (9th ed.) _cedited by Way, Lawrence W. |
| 250 | _a9th ed. | ||
| 260 |
_aConnecticut: _bAppleton and Lange _c1991 |
||
| 300 | _axviii, 1359p.: ill. | ||
| 350 | _a0.00 | ||
| 490 | _aA Lange medical book | ||
| 650 | 0 | _aSURGERY | |
| 650 | 0 | _aDIAGNOSIS, SURGICAL | |
| 995 |
_aMEDICAL LIBRARY OPEN ACCESS _D0.00 _e900144 _FCBU-SCHOOL OF MEDICINE LIBRARY (Ndola) _H1 _I0.00 _jRD 31 CUR _M1 _UAVAILABLE _WDec 1, 2011 _y900144 _ZMedical Library Open Access Collection |
||
| 999 |
_c31199 _d31199 |
||